| 000 | 00565nam a22001817a 4500 | ||
|---|---|---|---|
| 005 | 20251108173103.0 | ||
| 008 | 250721s2005 xx 000 0 ara d | ||
| 082 | 1 | 4 | _a523.8/ سلي |
| 100 | 1 | _aسليم، حسين أحمد | |
| 245 | 1 | 0 | _aالنجوم و الكواكب : قناديل السماء في الليل / |
| 264 | 1 |
_aبيروت : _bرشاد برس للطباعة و النشر و التوزيع، _c2005. |
|
| 300 | _a223ص. | ||
| 650 | 1 | 7 | _aالفلك |
| 650 | 1 | 7 | _aالنجوم |
| 650 | 1 | 7 | _aالكواكب |
| 942 |
_2ddc _cBK |
||
| 999 |
_c95735 _d95735 |
||